Samočinné testovanie pamätí ROM
Gespeichert in:
| 1. Verfasser: | |
|---|---|
| Weitere Verfasser: | |
| Format: | Manuskript Buch |
| Sprache: | Slowakisch |
| Veröffentlicht: |
2017
|
| Schlagworte: | |
| Online-Zugang: | http://is.stuba.sk/zp/portal_zp.pl?podrobnosti=131662 |
| Tags: |
Keine Tags, Fügen Sie das erste Tag hinzu!
|
MARC
| LEADER | 00000ntm a22000003a 4500 | ||
|---|---|---|---|
| 001 | stuzp64551 | ||
| 003 | SK-STU | ||
| 005 | 20170624213540.5 | ||
| 007 | ta | ||
| 008 | 150427s2015----xo-----f-mn---000-0-slo-d | ||
| 040 | |a STU |b slo | ||
| 041 | 0 | |a slo | |
| 100 | 1 | |a Koreň, Tomáš |u 070400 |4 aut |U FIIT Fakulta informatiky a informačných technológií |T FIIT Ústav počítačového inžinierstva a aplikovanej informatiky |X 73977 |U I400 |Y 672 |7 73977 | |
| 242 | 0 | 1 | |a Built in self-test of ROM memories |y eng |
| 245 | 1 | 0 | |a Samočinné testovanie pamätí ROM |
| 260 | |c 2017 | ||
| 650 | 4 | |a ROM |2 slo | |
| 650 | 4 | |a pamäte |2 slo | |
| 650 | 4 | |a testovanie |2 slo | |
| 650 | 4 | |a VHDL |2 slo | |
| 650 | 4 | |a samočinné testovanie |2 slo | |
| 650 | 4 | |a ROM |2 eng | |
| 650 | 4 | |a memory |2 eng | |
| 650 | 4 | |a testing |2 eng | |
| 650 | 4 | |a VHDL |2 eng | |
| 650 | 4 | |a built in self-test |2 eng | |
| 700 | 1 | |a Šubín, Juraj |u 070400 |k Z3 |4 ths |U FIIT Fakulta informatiky a informačných technológií |T FIIT Ústav počítačového inžinierstva a aplikovanej informatiky |X 64561 |U I400 |Y 672 |7 A000064561 | |
| 856 | 4 | |u http://is.stuba.sk/zp/portal_zp.pl?podrobnosti=131662 | |
| 996 | |b 11258 |c I* BAP39/17 |l II680 |s P |a 0 |w stuzp64551_0001 | ||